000 00383nam a2200133Ia 4500
008 230917s9999||||xx |||||||||||||| ||und||
040 _e142558
_aMAIN
041 _aEnglish
082 _a940.28 O2I
245 0 _aIntroduction to the study of revolutions and some interpretations of 1848
260 _aMilton Keynes
_bThe open university press
_c1976
300 _a38p p.
942 _cBK
999 _c43879
_d43879